Manual de l'impost sobre activitats econòmiques / [elaboració i redacció: Lluís Bertran i Baulies ... [et al.]] Lluís Bertran i Baulies ... [et al.]]
ISBN:
84-393-2088-4
Publicado:
[Barcelona] :
Generalitat de Catalunya. Departament de Governació. Direcció General d'Administració Local ,
1992
Descripción Física:
543 p. : quadres ; 24 cm
Otros Autores:
Bertran i Baulies, Lluís
MARC
| LEADER | 00000nam a2200000Ia 4500 | ||
|---|---|---|---|
| 001 | 18449 | ||
| 008 | 160829s1992 xx 000 0 cat d | ||
| 020 | |a 84-393-2088-4 | ||
| 080 | |a M-5-330 | ||
| 245 | |a Manual de l'impost sobre activitats econòmiques / [elaboració i redacció: |b Lluís Bertran i Baulies ... [et al.]] | ||
| 260 | |a [Barcelona] : |b Generalitat de Catalunya. Departament de Governació. Direcció General d'Administració Local, |c 1992 | ||
| 300 | |a 543 p. : |b quadres ; |c 24 cm | ||
| 650 | |a Impostos sobre activitats econòmiques |x Espanya |9 22134 | ||
| 650 | |a Llicències fiscals |x Espanya |9 28007 | ||
| 650 | |a Finances municipals |x Espanya |9 42478 | ||
| 700 | |a Bertran i Baulies, Lluís |9 23430 | ||
| 710 | 1 | |a Catalunya. |b Direcció General d'Administració Local |9 53065 | |
| 901 | |a Arxiu | ||
| 942 | |n 1 | ||
| 952 | |0 0 |1 0 |4 0 |6 M5330 |7 1 |9 42075 |a Arxiu |b Arxiu |d 2016-12-01 |l 0 |o M-5-330 |p 18449 |r 2016-12-01 00:00:00 |w 2016-12-01 |y ARXIU | ||
| 999 | |c 44522 |d 44522 | ||